000
00284nam a22001337a 4500
008
181217b xxu||||| |||| 00| 0 eng d
020
_a
2740296528779
041
_a
eng
080
_2
10 TH
_a
941
100
_a
16
101
_a
HIS
245
_a
America
_c
Divine.B
942
_2
udc
_c
BK
999
_c
53290
_d
53290